000 00902nam a22001935i 4500
001 162393
003 ES-MaACL
005 20230906212520.0
008 041112s1867 sp |||| | spa d
080 _a334.73(460)
100 1 _aPolo de Bernabé, Antonio.
_9131247
245 1 4 _aLas sociedades cooperativas :
_bsu organización, sus progresos y su influencia en el porvenir de la clase obrera : memoria /
_cescrita por Antonio Polo de Bernabé.
260 _aValencia :
_b[s.n.],
_c1867 (
_fImp. de José Rius)
300 _a102, [2] p. ;
_c23 cm.
594 _aMemoria premiada por la Sociedad Económica de Amigos del País de Valencia en el concurso público de 1867.
650 4 _aCooperativas-
_zEspaña.
_9163138
710 2 _aSociedad Económica de Amigos del País de Valencia.
_9134879
852 4 _aES-MaACL
_jT-95-F-12
_z- Enc. hol., falto de cub. original
_z- Enc. en un vol. facticio
999 _c162393
_d162393